000 00652cam a22001934a 4500
020 _a9780538736374 (pbk.)
020 _a0538736372 (pbk.)
050 0 0 _aQD33
_b.Z84 2010
100 1 _aZumdahl, Steven S.
245 1 0 _aBasic chemistry /
_cSteven S. Zumdahl, Donald J. DeCoste.
250 _a7th ed.
260 _aBelmont, CA :
_bBrooks/Cole, Cengage Learning,
_cc2010.
300 _axxv, 542, 61 p. :
500 _aIncludes index.
700 1 _aDeCoste, Donald J.
856 4 2 _uhttp://catdir.loc.gov/catdir/enhancements/fy1105/2009499079-b.html
856 4 2 _uhttp://catdir.loc.gov/catdir/enhancements/fy1105/2009499079-d.html
942 _2lcc
_cGEN
999 _c11361
_d11361